[Event "40th Olympiad Women"]
[Site "Istanbul TUR"]
[Date "2012.09.06"]
[Round "9.29"]
[White "Nguyen Thu Giang"]
[Black "Johannsdottir,J"]
[Result "1-0"]
[WhiteElo "2105"]
[BlackElo "1886"]

1.e4 c5 2.Nc3 Nc6 3.Bb5 g6 4.Bxc6 bxc6 5.d3 Bg7 6.f4 d6 7.Nf3 e6 8.O-O Rb8
9.Qe1 Ne7 10.e5 d5 11.Na4 Rb5 12.c4 Rb8 13.b3 Nf5 14.Nxc5 O-O 15.g4 Nh6 16.h3 f5
17.g5 Nf7 18.Be3 h6 19.gxh6 Bxh6 20.Nd4 Qe8 21.Kh2 Bd7 22.Rg1 Kh7 23.Qh4 Nd8
24.Rg2 Nb7 25.Nxd7 Qxd7 26.Rag1 Rg8 27.Qf6 Rbf8 28.Qxe6 Qxe6 29.Nxe6 Re8
30.cxd5 cxd5 31.Nc7 Rd8 32.d4 Rd7 33.Rc2 Bf8 34.Ne6 Be7 35.Rgc1 Nd8 36.Rc7 Nxe6
37.Rxd7 Re8 38.Rc6  1-0

[Event "40th Olympiad Women"]
[Site "Istanbul TUR"]
[Date "2012.09.06"]
[Round "9.22"]
[White "Stetsko,L"]
[Black "Smokina,K"]
[Result "1-0"]
[WhiteElo "2130"]
[BlackElo "2156"]

1.e4 c5 2.Nf3 Nc6 3.Nc3 e5 4.Bc4 Be7 5.d3 d6 6.h3 Be6 7.Nd5 Rb8 8.a3 b5 9.Ba2 Qd7
10.O-O Bd8 11.Ng5 Bxg5 12.Bxg5 Nce7 13.b4 Nxd5 14.exd5 Bf5 15.Be3 Rc8 16.f4 exf4
17.Rxf4 Ne7 18.bxc5 dxc5 19.Qf1 Bg6 20.d6 Nf5 21.Qf2 O-O 22.Bxc5 a6 23.Rf1 Ng3
24.Re1 Rfe8 25.Rxe8+ Qxe8 26.Qxg3 Rxc5 27.Qf2 Re5 28.Qd4 Re1+ 29.Kh2 Qd7
30.Qb6 a5 31.Qc7 Qxc7 32.dxc7 Re8 33.Rd4 Kf8 34.Rd5 b4 35.axb4 axb4 36.Rb5 Rc8
37.Rb8 Bf5 38.Bd5 Ke7 39.Be4 Be6 40.Rxb4 Rxc7 41.c4 Rd7 42.Rb3 Rd4 43.Bf3 Bf5
44.Be2 g5 45.Kg3 Rf4 46.c5 Bg6 47.Rb7+ Kd8 48.c6 Rd4 49.Rb3 Kc7 50.Bf3 Rxd3
51.Rxd3 Bxd3 52.Kg4 f6 53.Kh5 Kd6 54.Kh6 Kc7 55.g3 Bf1 56.h4 gxh4 57.gxh4 Bd3
58.Kg7 Bb5 59.Kxh7 Bxc6 60.Bxc6 Kxc6 61.Kg6 f5 62.Kxf5 Kd7 63.Kf6 Ke8 64.Kg7  1-0

[Event "9th LGA Premium Cup"]
[Site "Nuernberg GER"]
[Date "2012.09.06"]
[Round "1.55"]
[White "Nuber,K"]
[Black "Pfadenhauer,J"]
[Result "1-0"]
[WhiteElo "2302"]
[BlackElo "1877"]

1.e4 c5 2.Nc3 Nc6 3.Bb5 g6 4.Bxc6 bxc6 5.d3 Bg7 6.f4 Nh6 7.Nf3 Rb8 8.O-O O-O
9.Na4 d6 10.c4 f5 11.e5 dxe5 12.fxe5 Ng4 13.Kh1 Nxe5 14.Bf4 Nd7 15.Bxb8 Nxb8
16.Qe2 Qd6 17.Rae1 Re8 18.Ne5 Nd7 19.Nxd7 Bxd7 20.Qd2 Be5 21.Qa5 Bxh2 22.Qxc5 Bg3
23.Qxd6 exd6 24.Rxe8+ Bxe8 25.c5 d5 26.d4 Bd7 27.b4 Bc8 28.Nc3 Ba6 29.Rf3 Be1
30.a4 Kf7 31.b5 Bb7 32.Ne2 a6 33.bxc6 Bxc6 34.Nf4 Bh4 35.Rb3 Bf6 36.Rb6 Bxa4
37.Rxa6 Bb5 38.Rb6 Bd7 39.c6 Bc8 40.Rb8 Ba6 41.c7 Bxd4 42.c8=Q Bf6 43.Qf8+  1-0

[Event "11th Kesarovski-Stanchev Mem"]
[Site "Sunny Beach BUL"]
[Date "2012.09.06"]
[Round "6.58"]
[White "Zelenka,J"]
[Black "Jina,L"]
[Result "1/2-1/2"]
[WhiteElo "1978"]
[BlackElo "1794"]

1.e4 c5 2.Nc3 Nc6 3.Nf3 e6 4.Bb5 Nge7 5.O-O a6 6.Bxc6 Nxc6 7.d4 cxd4 8.Nxd4 Be7
9.Be3 O-O 10.a3 Qc7 11.Re1 b5 12.Nce2 Bb7 13.c3 Rad8 14.f3 d5 15.exd5 Rxd5
16.Qc1 Bf6 17.Nxc6 Qxc6 18.Nd4 Qc8 19.Rb1 Rfd8 20.Ra1 Qa8 21.Qc2 Bxd4 22.Bxd4 Qc8  1/2-1/2

[Event "11th Kesarovski-Stanchev Mem"]
[Site "Sunny Beach BUL"]
[Date "2012.09.06"]
[Round "6.4"]
[White "Ermenkov,Evgenij"]
[Black "Agayev,N"]
[Result "0-1"]
[WhiteElo "2429"]
[BlackElo "2318"]

1.e4 c5 2.Nc3 Nc6 3.Nge2 e5 4.Nd5 Nf6 5.Nec3 d6 6.Bc4 Be7 7.d3 Nxd5 8.Nxd5 O-O
9.O-O Be6 10.f4 exf4 11.Bxf4 Bg5 12.a4 Ne5 13.Bb3 Rc8 14.Qe2 Kh8 15.Kh1 Re8
16.Rae1 a6 17.Ra1 Bxf4 18.Rxf4 b5 19.axb5 axb5 20.Ra7 Qg5 21.Qf1 c4 22.dxc4 bxc4
23.Ba4 Ra8 24.Rxa8 Rxa8 25.b3 cxb3 26.Bxb3 Ng6 27.Rf2 Qe5 28.Re2 Ra1 29.Re1 Rxe1
30.Qxe1 h5 31.g3 Bg4 32.Kg2 Kh7 33.Qe3 Qa1 34.Bc4 Qd1 35.Bd3 Ne5 36.Nf4 g5
37.h3 gxf4 38.gxf4 Nxd3 39.cxd3 Qe2+ 40.Qxe2 Bxe2 41.d4 h4 42.d5 Kg6 43.Kf2 Bc4
44.Ke3 Bf1 45.e5 Bxh3  0-1

[Event "6th Hum na Sutli Open"]
[Site "Hum na Sutli CRO"]
[Date "2012.09.07"]
[Round "1.7"]
[White "Cipan,Viktor"]
[Black "Veleski,R"]
[Result "0-1"]
[WhiteElo "1776"]
[BlackElo "2278"]

1.e4 c5 2.Nc3 Nc6 3.Nf3 g6 4.d3 Bg7 5.Bd2 d6 6.Be2 Nf6 7.O-O O-O 8.Qc1 d5
9.Bh6 dxe4 10.Bxg7 exf3 11.Bxf3 Kxg7 12.Bxc6 bxc6 13.Ne4 Nxe4 14.dxe4 Ba6
15.c4 Qd4 16.b3 Rfd8 17.Qg5 f6 18.Qg3 Rd7 19.h3 Rad8 20.Qf3 Bc8 21.Rfd1 Qe5
22.Rxd7 Qxa1+  0-1

[Event "40th Olympiad Open"]
[Site "Istanbul TUR"]
[Date "2012.09.07"]
[Round "10.57"]
[White "Mannhart,M"]
[Black "Davy,D"]
[Result "1-0"]
[WhiteElo "2066"]
[BlackElo "2101"]

1.Nc3 c5 2.e4 Nc6 3.Bb5 Nd4 4.Bc4 e6 5.Nf3 Nf6 6.O-O a6 7.d3 b5 8.Bb3 Nxb3
9.axb3 Bb7 10.Qe2 d6 11.Ne1 Be7 12.f4 Qc7 13.Nf3 O-O 14.Kh1 Rfe8 15.Bd2 b4
16.Nd1 e5 17.fxe5 dxe5 18.Ne3 Nd7 19.Qf2 f6 20.Qg3 Kh8 21.Nh4 Nf8 22.Nef5 g5
23.Nh6 Ng6 24.N4f5 Bf8 25.Ng4 Re6 26.Qf2 h5 27.Nge3 h4 28.g3 Qh7 29.gxh4 Nf4
30.Qf3 c4 31.bxc4 Bc5 32.Nd5 gxh4 33.c3 Ree8 34.Bxf4 exf4 35.Qxf4 Rg8 36.Nxf6  1-0

[Event "40th Olympiad Open"]
[Site "Istanbul TUR"]
[Date "2012.09.07"]
[Round "10.30"]
[White "Galego,L"]
[Black "Dgebuadze,A"]
[Result "1-0"]
[WhiteElo "2495"]
[BlackElo "2556"]

1.e4 c5 2.Nf3 Nc6 3.Nc3 g6 4.Bb5 Bg7 5.O-O d6 6.Bxc6+ bxc6 7.d3 e5 8.Ne1 Nf6
9.f4 exf4 10.Bxf4 Ng4 11.Nf3 Qe7 12.Qd2 O-O 13.h3 Ne5 14.Nxe5 Bxe5 15.Bxe5 Qxe5
16.Rae1 Be6 17.b3 Rae8 18.Kh1 Bc8 19.Nd1 Qh5 20.Qf4 Re5 21.Kh2 Qg5 22.Qxg5 Rxg5
23.Ne3 d5 24.Nd1 Be6 25.Nc3 Kg7 26.Na4 d4 27.e5 f6 28.Nxc5 Bd5 29.Re2 Rxe5
30.Rxe5 fxe5 31.Rxf8 Kxf8 32.Nd7+ Ke7 33.Nxe5 Ke6 34.Ng4 h5 35.Nf2 h4 36.Nd1 Ke5
37.Kg1 c5 38.Kf2 Bc6 39.Nb2 Bb5 40.Kf3 Kf5 41.a3 Bc6+ 42.Kf2 Kf4 43.Nc4 Bd5
44.Nd6 Bc6 45.Nc8 a6 46.Ne7 Be8 47.Nd5+ Ke5 48.Nc7 Bc6 49.Nxa6 Kd6 50.b4 cxb4
51.Nxb4 Bb7 52.Na2 Bc6 53.Nc1 g5 54.Ne2 Ke5 55.Ng1 Ba4 56.Nf3+ Kd5 57.Nxg5 Bxc2
58.Ke2 Ke5 59.Nf3+ Kf4 60.Nxd4 Bb1 61.Kf2  1-0

[Event "40th Olympiad Women"]
[Site "Istanbul TUR"]
[Date "2012.09.07"]
[Round "10.24"]
[White "Yu,Sal"]
[Black "Fernandez,Maria"]
[Result "1-0"]
[WhiteElo "1990"]
[BlackElo "2160"]

1.e4 c5 2.Nc3 Nc6 3.Bb5 g6 4.Bxc6 bxc6 5.d3 Bg7 6.f4 d6 7.Nf3 Qb6 8.O-O Bg4
9.Kh1 Nf6 10.Qe1 O-O 11.Qh4 Bxf3 12.Rxf3 Qc7 13.f5 Rfb8 14.Rh3 Kf8 15.Bh6 Bxh6
16.Qxh6+ Ke8 17.Rf1 Rxb2 18.e5 dxe5 19.Ne4 Rab8 20.fxg6 hxg6 21.Nxc5 Nd7
22.Qh8+ Nf8 23.Qg7 e6 24.Rh8 Qe7 25.Nxe6 Rb1 26.Rxf8+ Kd7 27.Qxf7 Qxf7 28.Nc5+ Kd6
29.Ne4+ Kd5 30.Rxf7 Rxf1+ 31.Rxf1 Rb2 32.h4 Rxc2 33.Rf6 Kd4 34.Rxg6 Kxd3
35.h5 Rc1+ 36.Kh2 Kxe4 37.h6 Kf5 38.h7 Kxg6 39.h8=Q Kf5 40.Qh5+ Ke4 41.Qe2+ Kf5
42.g4+ Ke6 43.g5 Rc5 44.Qg4+ Ke7 45.Qb4  1-0

[Event "9th LGA Premium Cup"]
[Site "Nuernberg GER"]
[Date "2012.09.07"]
[Round "4.20"]
[White "Promyshlyanskiy,V"]
[Black "Fedorovsky,M"]
[Result "1/2-1/2"]
[WhiteElo "2245"]
[BlackElo "2401"]

1.e4 c5 2.Nc3 Nc6 3.Bb5 Nd4 4.Bc4 e6 5.Nge2 Nf6 6.O-O a6 7.d3 b5 8.Bb3 Nc6
9.Bg5 Be7 10.f4 Bb7 11.Ng3 h5 12.e5 Ng4 13.Bxe7 Nxe7 14.Qe2 c4 15.dxc4 bxc4
16.Bxc4 Qb6+ 17.Kh1 Ne3 18.Nge4 N7f5 19.Rf3 Rc8 20.Rxe3 Nxe3 21.Nd6+ Ke7
22.Rg1 Nxc4 23.Nxc4 Qb4 24.Nd6 Rc7 25.Qd2 Qc5 26.Re1 f5 27.exf6+ gxf6 28.Nxb7 Rxb7
29.b3 Rg8 30.Re3  1/2-1/2

[Event "3rd Oliver Gonzalez Mem Open A"]
[Site "Madrid ESP"]
[Date "2012.09.08"]
[Round "8.1"]
[White "Fedorchuk,S"]
[Black "Vovk,A"]
[Result "1/2-1/2"]
[WhiteElo "2646"]
[BlackElo "2549"]

1.e4 c5 2.Ne2 Nc6 3.Nbc3 d6 4.d4 cxd4 5.Nxd4 Nf6 6.Bg5 e6 7.Qd2 a6 8.O-O-O Bd7
9.f4 h6 10.Bxf6 Qxf6 11.Nb3 Qd8 12.Kb1 Be7 13.Be2 b5 14.Bf3 b4 15.Ne2 Qb6
16.e5 d5 17.f5 Nxe5 18.fxe6 fxe6 19.Bxd5 Rd8 20.Nf4 O-O 21.Qe2 Bf6 22.Bc4 Nxc4
23.Qxc4 Qb5 24.Qxb5 axb5 25.Nc5 Bc6 26.Ncxe6 Rxd1+ 27.Rxd1 Re8 28.Nc7 Re4
29.Ncd5 Kf7 30.Rf1 Bxd5 31.Nxd5 Ke6 32.Nf4+ Kd6 33.g3 Be5 34.Rd1+ Kc6 35.Nd3 Bd6
36.Kc1 h5 37.Re1 Rxe1+ 38.Nxe1 Kd5 39.Kd2 Ke4 40.Ke2 g5 41.Nd3 g4 42.Nf2+ Kd4
43.Nd1 Bc5 44.c3+ bxc3 45.Nxc3 b4 46.Nb1 Bd6 47.Nd2 Be7 48.Nf1 Ke4 49.Ne3 Bc5
50.Nc2 Bd6 51.a4 bxa3 52.Nxa3 Bc5  1/2-1/2

[Event "40th Olympiad Women"]
[Site "Istanbul TUR"]
[Date "2012.09.09"]
[Round "11.25"]
[White "Hegarty,S"]
[Black "Smokina,K"]
[Result "1-0"]
[WhiteElo "2120"]
[BlackElo "2156"]

1.e4 c5 2.Nf3 Nc6 3.Nc3 e5 4.Bc4 Be7 5.d3 d6 6.Nd2 Nf6 7.Nf1 Be6 8.Ne3 O-O
9.O-O Rb8 10.a4 Nb4 11.Qe2 a6 12.Bd2 Nc6 13.Qd1 Nb4 14.Qe2 Nc6 15.f4 Nd4
16.Qd1 b5 17.axb5 axb5 18.Bxe6 fxe6 19.fxe5 dxe5 20.Ne2 Ra8 21.Ng3 Rxa1 22.Qxa1 Qa8
23.h3 Rd8 24.Kh2 Nd7 25.Qd1 Nf6 26.Nh5 Rf8 27.Nxf6+ Bxf6 28.c3 Qb8 29.Ng4 Nc6
30.Nxf6+ Rxf6 31.Rxf6 gxf6 32.Qg4+ Kf7 33.Qh5+ Ke7 34.Qxh7+ Kd6 35.Qf7 Qh8
36.g3 b4 37.h4 bxc3 38.bxc3 Nd8 39.Qg6 Ke7 40.Be3 Nb7 41.h5 Qe8 42.Qxe8+ Kxe8
43.g4 c4 44.dxc4 Nd6 45.c5 Nxe4 46.h6 Kf7 47.c6 Nd6 48.Bc5 Ne8 49.Bb6 Nd6
50.c7 Nc8 51.Be3 Kg6 52.Kg2 Ne7 53.Kf2 Nc8 54.Ke2 Kh7 55.Kd3 Nd6 56.c4 Kg6
57.c5 e4+ 58.Ke2 Nc8 59.g5 f5 60.Bf4 Na7 61.Ke3 Kh7 62.Kd4 Nb5+ 63.Kc4 Na7
64.c6 Kg6 65.Kc5 Nc8 66.Kb5  1-0

[Event "40th Olympiad Women"]
[Site "Istanbul TUR"]
[Date "2012.09.09"]
[Round "11.4"]
[White "Skripchenko,A"]
[Black "Harika,D"]
[Result "0-1"]
[WhiteElo "2442"]
[BlackElo "2503"]

1.e4 c5 2.Nc3 Nc6 3.Bb5 Nd4 4.Bc4 e6 5.Nge2 Nf6 6.d3 d5 7.Bb3 Nxb3 8.axb3 dxe4
9.dxe4 Qxd1+ 10.Kxd1 Bd7 11.f3 Bc6 12.Bf4 O-O-O+ 13.Ke1 a6 14.Kf2 Be7 15.Na4 b5
16.Nac3 Kb7 17.Nc1 Nd7 18.Rd1 g5 19.Bd6 Bxd6 20.Rxd6 Ne5 21.Rxd8 Rxd8 22.Ke2 b4
23.Nd1 Bb5+ 24.Ke1 f5 25.Nf2 c4 26.bxc4 Nxc4 27.Ncd3 Ne3 28.Kd2 Nxg2 29.Rg1 Nh4
30.Ke3 f4+ 31.Ke2 h6 32.b3 Rc8 33.Rc1 Rc3 34.h3 a5 35.Kd1 Nxf3 36.Ra1 Kb6
37.Ra2 h5 38.Ra1 Rc8 39.Ra2 Rd8 40.Kc1 Nd4 41.Kd2 Nf3+ 42.Kc1 e5 43.Kd1 g4
44.hxg4 hxg4 45.Nxg4 Bxd3 46.cxd3 Rxd3+ 47.Ke2 Rxb3 48.Kf2 Ng5 49.Nxe5 Nxe4+
50.Kf1 Rc3  0-1

[Event "40th Olympiad Women"]
[Site "Istanbul TUR"]
[Date "2012.09.09"]
[Round "11.30"]
[White "Romero Echeverria,A"]
[Black "Fernandez,Maria"]
[Result "0-1"]
[WhiteElo "2109"]
[BlackElo "2160"]

1.e4 c5 2.Nc3 Nc6 3.Bb5 Nd4 4.a4 g6 5.f4 Bg7 6.Nf3 Nh6 7.O-O O-O 8.Kh1 d6
9.Nxd4 cxd4 10.Ne2 e5 11.Qe1 d5 12.fxe5 a6 13.Bd3 Bxe5 14.exd5 Qg5 15.Ng1 Qh5
16.Nf3 Bf6 17.c4 Bf5 18.Bxf5 Nxf5 19.d3 Rae8 20.Qd1 Re2 21.Bf4 Rfe8 22.Re1 Rxe1+
23.Nxe1 Qh4 24.g3 Qh3 25.Qf3 g5 26.Bd2 Re2 27.Ng2 g4 28.Qxe2 Nxg3+ 29.Kg1 Nxe2+
30.Kf2 Qf3+  0-1

[Event "40th Olympiad Open"]
[Site "Istanbul TUR"]
[Date "2012.09.09"]
[Round "11.77"]
[White "Dukaczewski,P"]
[Black "Amdouni,Z"]
[Result "1-0"]
[WhiteElo "2228"]
[BlackElo "2305"]

1.e4 c5 2.Nf3 Nc6 3.Nc3 e5 4.Bc4 Be7 5.d3 Nf6 6.Ng5 O-O 7.f4 exf4 8.Bxf4 d6
9.O-O h6 10.Nf3 Be6 11.Nd5 Bxd5 12.Bxd5 Nxd5 13.exd5 Nb4 14.c4 Bf6 15.Qd2 Re8
16.a3 Na6 17.g4 g5 18.Bg3 b5 19.Rab1 bxc4 20.dxc4 Re4 21.Qd3 Qe7 22.Bxd6 Rxg4+
23.Bg3 Qe4 24.Qxe4 Rxe4 25.b3 Rae8 26.Kg2 Nb8 27.Rbe1 Nd7 28.Rxe4 Rxe4 29.Bd6 Re2+
30.Rf2 Re3 31.b4 g4 32.Nd2 cxb4 33.axb4 Bh4 34.Bg3 Bxg3 35.hxg3 a5 36.c5 axb4
37.c6 Nb6 38.c7 Rc3 39.d6 Kf8 40.Ne4 Rc4 41.Nf6 Rc6 42.Nd5 Nd7 43.Ne7 Rc3
44.c8=Q+ Rxc8 45.Nxc8 b3 46.Rb2 Nc5 47.Rxb3 Ke8 48.Rb5 Ne6 49.Nb6 f6 50.Rh5 Kf7
51.Rxh6 Kg7 52.Rh1 f5 53.Re1 Kf7  1-0

[Event "40th Olympiad Women"]
[Site "Istanbul TUR"]
[Date "2012.09.09"]
[Round "11.9"]
[White "Efroimski,M"]
[Black "Krush,I"]
[Result "1/2-1/2"]
[WhiteElo "2174"]
[BlackElo "2467"]

1.e4 c5 2.Nc3 Nc6 3.Nge2 d6 4.d4 cxd4 5.Nxd4 Nf6 6.Bg5 e6 7.Qd2 a6 8.O-O-O Bd7
9.f3 Be7 10.Be3 b5 11.g4 h6 12.h4 Qa5 13.Qf2 Nxd4 14.Bxd4 Rb8 15.Kb1 b4 16.Ne2 e5
17.Ba7 Rb7 18.Bg2 Be6 19.Nc1 d5 20.g5 hxg5 21.hxg5 Rxh1 22.Bxh1 Nh5 23.exd5 Bxd5
24.Be3 g6 25.f4 Bxh1 26.Rxh1 exf4 27.Bxf4 Kf8 28.Nd3 Qd5 29.Re1 Bxg5 30.Re5 Qh1+
31.Re1 Qd5 32.Re5 Qh1+ 33.Re1 Qd5 34.Bxg5 Qxg5 35.Nc5 Re7 36.Ne6+ Rxe6 37.Rxe6 Qd5
38.Re1 g5 39.Qb6 Kg7 40.Qxb4 Nf4 41.Qe4 Qxe4 42.Rxe4 Ne6 43.b4 Kf6 44.c4 Kf5
45.Re1 g4 46.b5 axb5 47.cxb5 g3 48.b6 Nc5 49.Rc1 Nd7 50.a4 Ke4 51.Rg1 Kf3
52.Rf1+ Ke2 53.Rxf7 Nxb6 54.a5 Nc8 55.Rc7 g2 56.Rc2+ Kf3 57.Rc1 Kf2 58.Kb2 g1=Q
59.Rxg1 Kxg1 60.Kc3 Kf2 61.Kd4 Kf3 62.Kd5 Kf4 63.Kc6 Ke5 64.a6 Na7+ 65.Kb6 Kd6
66.Kxa7 Kd5  1/2-1/2

[Event "3rd Oliver Gonzalez Mem Open A"]
[Site "Madrid ESP"]
[Date "2012.09.09"]
[Round "9.22"]
[White "Madurga Lopez,I"]
[Black "Suarez Uriel,A"]
[Result "0-1"]
[WhiteElo "2052"]
[BlackElo "2245"]

1.e4 c5 2.Nf3 Nc6 3.Nc3 g6 4.d4 cxd4 5.Nxd4 Bg7 6.Be3 Nf6 7.Bc4 O-O 8.Bb3 a5
9.O-O a4 10.Nxa4 Nxe4 11.Nb5 d5 12.Bb6 Qd7 13.Qe2 Nf6 14.Rfd1 Ra6 15.c4 Qg4
16.Qxg4 Bxg4 17.f3 dxc4 18.Nc7 Rxb6 19.Nxb6 cxb3 20.fxg4 Nxg4 21.Rd2 Bh6
22.Re2 Nd4 23.Re4 Nc2 24.Nbd5 e6 25.Rxg4 exd5 26.Rf1 bxa2 27.Ra4 Be3+ 28.Kh1 a1=Q
29.Raxa1 Nxa1 30.Rxa1 d4 31.Nd5 Rd8 32.Nxe3 dxe3 33.Re1 e2 34.Kg1 Rd1 35.Kf2 Rxe1
36.Kxe1 f5 37.Kxe2 Kf7 38.Kd3 Ke6 39.Kd4 g5 40.b4 h5 41.b5 b6 42.h4 gxh4
43.Ke3 Ke5 44.Kf3 h3 45.g3 Kf6  0-1

[Event "9th LGA Premium Cup"]
[Site "Nuernberg GER"]
[Date "2012.09.09"]
[Round "6.38"]
[White "Kersten,U"]
[Black "Martin,St"]
[Result "0-1"]
[WhiteElo "2320"]
[BlackElo "2166"]

1.e4 c5 2.Nc3 Nc6 3.Bb5 Nd4 4.Bc4 g6 5.Nf3 Bg7 6.Nxd4 cxd4 7.Qf3 Nh6 8.Ne2 O-O
9.h3 e6 10.d3 b5 11.Bb3 Qb6 12.Qg3 f5 13.e5 Nf7 14.f4 d6 15.exd6 Qxd6 16.O-O Bb7
17.Qf2 a5 18.a4 b4 19.Bc4 Rad8 20.Bd2 Bd5 21.b3 Bf6 22.Rad1 Kh8 23.Bc1 Rg8
24.Bb2 Bc6 25.Kh1 g5 26.Rg1 g4 27.Qg3 gxh3 28.Qxh3 Rg6 29.Ng3 Rg4 30.Ne2 Rh4
31.Qxh4 Bxh4 32.Nxd4 Kg8 33.Nxe6 Bg3 34.Rge1 Re8 35.Re3 Bxf4 36.Rde1 Bxe3
37.Rxe3 f4 38.Re1 Bd5  0-1

[Event "9th LGA Premium Cup"]
[Site "Nuernberg GER"]
[Date "2012.09.09"]
[Round "6.49"]
[White "Promyshlyanskiy,V"]
[Black "Hoermann,Gunther"]
[Result "1-0"]
[WhiteElo "2245"]
[BlackElo "2080"]

1.e4 c5 2.Nc3 Nc6 3.Bb5 Nd4 4.Bc4 e6 5.Nge2 a6 6.d3 b5 7.Bb3 Ne7 8.Be3 Nec6
9.O-O Be7 10.Ng3 Nxb3 11.axb3 d5 12.Nxb5 Bb7 13.Na3 O-O 14.Qg4 g6 15.Bh6 f5
16.exf5 exf5 17.Qe2 Rf7 18.Qd2 g5 19.f4 g4 20.Rae1 Qd6 21.Bg5 Bf8 22.Rf2 Bg7
23.c3 Raf8 24.Rfe2 Bc8 25.Nc2 d4 26.Na3 Qb8 27.Nh5 Qxb3 28.Nxg7 Kxg7 29.Nc4 Qb8
30.Re5 Nxe5 31.fxe5 Be6 32.Bf6+ Rxf6 33.exf6+ Rxf6 34.Qg5+ Rg6 35.Qe7+ Bf7
36.Ne5 Rf6 37.Qxf6+  1-0

[Event "9th LGA Premium Cup"]
[Site "Nuernberg GER"]
[Date "2012.09.09"]
[Round "7.46"]
[White "Grimberg,B"]
[Black "Schatz,C"]
[Result "1/2-1/2"]
[WhiteElo "2365"]
[BlackElo "2222"]

1.e4 c5 2.Nc3 Nc6 3.Bb5 d6 4.f4 Bd7 5.Nf3 g6 6.O-O Bg7 7.d3 e6 8.Bxc6 Bxc6
9.f5 exf5 10.exf5 Ne7 11.Nh4 Bf6 12.fxg6 Bd4+ 13.Kh1 hxg6 14.Nf3 Qd7 15.Ne4 O-O-O
16.Nxd4 cxd4 17.Rxf7 Bxe4 18.dxe4 Qe6 19.Rf4 Nc6 20.Qg4 Qxg4 21.Rxg4 Ne5
22.Rf4 Rd7 23.Rf1 Rc7 24.Bf4 Rxc2 25.Rad1 Nc6 26.Bxd6 Re8 27.e5 Rxb2 28.h3 Rxa2
29.Rf7 Rb2 30.Rg7 a5 31.Rf1 d3 32.Rc7+ Kd8 33.Rff7 Nxe5 34.Bxe5 Rxe5 35.Rfd7+ Ke8
36.Rh7 Kd8 37.Rhd7+ Ke8 38.Rh7  1/2-1/2

[Event "US Chess League 2012"]
[Site "ICC INT"]
[Date "2012.09.10"]
[Round "2"]
[White "Liou,Y"]
[Black "Shvartsman,A"]
[Result "1/2-1/2"]
[WhiteElo "2352"]
[BlackElo "2273"]

1.e4 c5 2.Nf3 Nc6 3.Nc3 Nf6 4.Bb5 g6 5.O-O Bg7 6.Re1 O-O 7.e5 Ng4 8.Bxc6 dxc6
9.d3 Nh6 10.Ne4 b6 11.Bf4 Nf5 12.Qd2 Nd4 13.Nxd4 Qxd4 14.c3 Qd5 15.Ng3 Rd8
16.Rad1 Qxa2 17.Bh6 Bh8 18.Qg5 Re8 19.f4 Qxb2 20.h4 Qxc3 21.h5 Qd4+ 22.Kh1 f6
23.Qh4 f5 24.Ne2 Qd5 25.hxg6 hxg6 26.Ng1 Bg7 27.Re3 Kf7 28.Bxg7 Kxg7 29.Rh3 Kf7
30.Qh7+ Ke6 31.Qxg6+ Kd7 32.Rh6 e6 33.Rh7+ Re7 34.Nf3 Rxh7+ 35.Qxh7+ Kd8
36.Ng5 Qd7 37.Qg8+ Kc7 38.Rf1 a5 39.Rf3 b5 40.Rh3 Kb6 41.Rh7 Qxd3 42.Qg7 c4
43.Qc7+ Kc5 44.Qe7+ Kb6 45.Qc7+ Kc5 46.Qe7+  1/2-1/2

[Event "3rd Livigno Open A"]
[Site "Livigno ITA"]
[Date "2012.09.10"]
[Round "1.22"]
[White "Roy Chowdhury,S"]
[Black "Arnetta,MariaT"]
[Result "1-0"]
[WhiteElo "2419"]
[BlackElo "2031"]

1.e4 c5 2.Nf3 Nc6 3.Nc3 e5 4.Bc4 Be7 5.d3 Nf6 6.Nd2 a6 7.Nf1 b5 8.Bb3 Nd4
9.Ne3 Nxb3 10.axb3 Bb7 11.O-O O-O 12.Qf3 d6 13.Nf5 Ne8 14.Qg3 Kh8 15.f4 Bf6
16.fxe5 Bxe5 17.Bf4 f6 18.Bxe5 dxe5 19.Rf3 Qd7 20.Raf1 Nc7 21.Ne3 Ne6 22.Ncd5 Rad8
23.Rf5 Nd4 24.R5f2 Ne6 25.Kh1 a5 26.Rf5 Nd4 27.Rh5 f5 28.Qg6 h6 29.c3 Bxd5
30.Nxd5 Ne2 31.Rfxf5 Rxf5 32.Rxf5 Qd6 33.Nf6 gxf6 34.Qxh6+ Kg8 35.Qg6+  1-0

[Event "US Chess League 2012"]
[Site "ICC INT"]
[Date "2012.09.12"]
[Round "2"]
[White "Vilenchuk,M"]
[Black "Rodriguez,Er"]
[Result "1-0"]
[WhiteElo "2222"]
[BlackElo "2289"]

1.e4 c5 2.Nf3 Nc6 3.Nc3 e6 4.g3 d5 5.d3 Nf6 6.Bg2 Be7 7.O-O O-O 8.h3 a6 9.Kh2 d4
10.Ne2 e5 11.Ne1 Ne8 12.f4 f6 13.f5 Nd6 14.g4 b5 15.Ng3 c4 16.h4 Nf7 17.Bh3 a5
18.Qe2 Ra7 19.Rg1 Kh8 20.Nh5 Rg8 21.dxc4 bxc4 22.Qxc4 Qe8 23.Qe2 Ba6 24.Qf3 d3
25.cxd3 Nd4 26.Qd1 Qd8 27.Be3 Rd7 28.Rc1 Bb5 29.Rg2 a4 30.Kh1 Nc6 31.Qf3 Nd4
32.Qf2 Rd6 33.Rc3 Qe8 34.a3 Bd8 35.Rc5 Bb6 36.Rc1 Nb3 37.Rd1 Bxe3 38.Qxe3 Nd8
39.Ng3 Nc6 40.g5 Qd7 41.Nh5 Qe8 42.Qf3 Ncd4 43.Qg4 Bd7 44.gxf6 gxf6 45.Qxg8+ Qxg8
46.Rxg8+ Kxg8 47.Bg4 Rc6 48.Nf3 Nxf3 49.Bxf3 Be8 50.Rg1+ Kf8 51.Ng7 Bf7 52.Bd1 Nc5
53.h5 Nxd3 54.Bxa4 Rc4 55.Bb5 Rxe4 56.Bxd3  1-0

[Event "TCh-NED Meesterklasse 2012-13"]
[Site "Den Bosch NED"]
[Date "2012.09.15"]
[Round "1.6"]
[White "Broekmeulen,Ja"]
[Black "Kuipers,S"]
[Result "1/2-1/2"]
[WhiteElo "2410"]
[BlackElo "2434"]

1.e4 c5 2.Nf3 Nc6 3.Nc3 Nf6 4.d4 cxd4 5.Nxd4 e5 6.Ndb5 d6 7.Bg5 a6 8.Na3 b5
9.Nd5 Be7 10.Bxf6 Bxf6 11.c3 Bg5 12.Nc2 Ne7 13.a4 bxa4 14.Ncb4 O-O 15.Qxa4 Nxd5
16.Nxd5 a5 17.Bb5 Be6 18.Bc6 Rb8 19.b3 Qc8 20.O-O Bxd5 21.Bxd5 Qxc3 22.Qxa5 Qxa5
23.Rxa5 Bd8 24.Ra7 Bb6 25.Rd7 Rbd8 26.Rb7 Rb8 27.Bxf7+ Kh8 28.Rxb8 Rxb8 29.Ra1 g6
30.Bd5 Bc5 31.Ra8 Rxa8 32.Bxa8 Kg7 33.Kf1 Kf6 34.Ke2 h5 35.Bc6 g5 36.f3 h4
37.Kd3 Ke7 38.Kc4 Kd8 39.Kd5 Kc7 40.g3 hxg3 41.hxg3 Bf2 42.g4 Be3 43.Bb5 Bd2
44.Be8 Be3 45.Ke6 Bd2 46.Ke7 Be3 47.b4 Bd2 48.Kf6 Be3 49.Bf7 Bd2 50.Bd5 Be3
51.b5 Bf4 52.Ke7 Be3 53.Kf6 Bf4 54.Bc6  1/2-1/2

[Event "zt 3.5 China Men 2012"]
[Site "Beijing CHN"]
[Date "2012.09.16"]
[Round "4.11"]
[White "Xu,Minghui"]
[Black "Li Hanbin"]
[Result "0-1"]
[WhiteElo "2086"]
[BlackElo "2277"]

1.e4 c5 2.Nf3 Nc6 3.Nc3 Nf6 4.e5 Ng4 5.Qe2 Qc7 6.Nb5 Qb8 7.d4 cxd4 8.Bf4 f6
9.Nfxd4 Ngxe5 10.O-O-O a6 11.Nxc6 bxc6 12.Nd4 Nd3+ 13.Qxd3 Qxf4+ 14.Kb1 c5
15.Nb3 e6 16.g3 Qc7 17.Bg2 Rb8 18.c4 Be7 19.Rhe1 O-O 20.f4 f5 21.Re2 Rb6
22.Qe3 Rb4 23.Rc2 a5 24.a3 Rb8 25.Nc1 Bf6 26.Ne2 d6 27.Nc3 Bd4 28.Qe2 Bxc3
29.Rxc3 Bd7 30.Rcd3 Rb6 31.R1d2 Rd8 32.Qd1 Be8 33.Ka1 Qe7 34.Re3 Bf7 35.Qe1 Qf6
36.Rc2 Rdb8 37.Ree2 a4 38.Bf3 Rb3 39.Bc6 Rxa3+ 40.Kb1 Rd3 41.Bxa4 Qd4 42.Red2 Rxd2
43.Qxd2 Qxd2 44.Rxd2 d5 45.cxd5 exd5 46.Rc2 c4 47.Rd2 c3 48.Rc2 d4 49.Kc1 Ra8
50.b3 Bd5 51.g4 Be4  0-1

[Event "TCh-HUN 2012-13"]
[Site "Dunaharaszti HUN"]
[Date "2012.09.16"]
[Round "1"]
[White "Pirisi,G"]
[Black "Veszpremi,A"]
[Result "1/2-1/2"]
[WhiteElo "2268"]
[BlackElo "2261"]

1.e4 c5 2.Nc3 Nc6 3.Nf3 g6 4.g3 Bg7 5.Bg2 d6 6.O-O e6 7.d3 Nge7 8.Be3 Nd4
9.Qd2 O-O 10.Bh6 Nec6 11.Bxg7 Kxg7 12.Nxd4 Nxd4 13.Nd1 e5 14.c3 Nc6 15.Ne3  1/2-1/2

[Event "3rd Livigno Open A"]
[Site "Livigno ITA"]
[Date "2012.09.16"]
[Round "8.11"]
[White "Roy Chowdhury,S"]
[Black "Sveshnikov,E"]
[Result "1/2-1/2"]
[WhiteElo "2419"]
[BlackElo "2530"]

1.e4 c5 2.Nf3 Nc6 3.Nc3 e5 4.Bc4 Be7 5.d3 Nf6 6.Nd2 d6 7.Nf1 Bg4 8.f3 Be6
9.Ne3 O-O 10.O-O Nd7 11.Ned5 Nb6 12.Nxb6 axb6 13.Nd5 Bxd5 14.Bxd5 Bg5 15.f4 Bxf4
16.Bxf4 exf4 17.Rxf4 Ne7 18.Bb3 Ng6 19.Rf2 b5 20.Bd5 Ne7 21.Qh5 Nxd5 22.Qxd5 Qc7
23.Raf1 Rae8 24.Rf5 Re7 25.a3 Rc8  1/2-1/2

[Event "Vladivostok Russian Cup 2012"]
[Site "Vladivostok RUS"]
[Date "2012.09.17"]
[Round "1.16"]
[White "Fokin,Alexander"]
[Black "Belous,V"]
[Result "0-1"]
[WhiteElo "2109"]
[BlackElo "2551"]

1.e4 c5 2.Nf3 Nc6 3.Nc3 g6 4.d4 cxd4 5.Nxd4 Bg7 6.Be3 Nf6 7.Be2 O-O 8.Qd2 d6
9.f3 d5 10.Nxc6 bxc6 11.e5 Nd7 12.f4 Rb8 13.Rb1 f6 14.exf6 Bxf6 15.O-O Qc7
16.Kh1 a5 17.f5 Rb4 18.Bg5 Ne5 19.fxg6 Nxg6 20.a3 Bxg5 21.Rxf8+ Kxf8 22.Qxg5 Rf4
23.Bd3 Kg7 24.Re1 Rg4 25.Qd2 Rh4 26.h3 Bxh3  0-1

[Event "InventiChess IM 2012"]
[Site "Antwerp BEL"]
[Date "2012.09.18"]
[Round "5.3"]
[White "Van Overdam,Jul"]
[Black "Zelbel,P"]
[Result "1/2-1/2"]
[WhiteElo "2242"]
[BlackElo "2368"]

1.e4 c5 2.Nc3 Nc6 3.Nf3 g6 4.Bb5 Bg7 5.Bxc6 bxc6 6.d3 d6 7.O-O e5 8.a3 Ne7
9.b4 cxb4 10.axb4 f5 11.b5 Bd7 12.Ra6 Bc8 13.Ra1 Bd7 14.Ra6 Bc8 15.Ra1 Bb7
16.bxc6 Bxc6 17.Bg5 h6 18.Bxe7 Qxe7 19.Ra5 O-O 20.Nd5 Qd7 21.Nd2 Bf6 22.Qa1 Bd8
23.Ra6 Kg7 24.Qa3 Bb6 25.Nxb6 axb6 26.Rb1 b5 27.Rxa8 Rxa8 28.Qb2 fxe4 29.Nxe4 Bxe4
30.dxe4 Ra4 31.g3 Rxe4 32.Qxb5 Qxb5 33.Rxb5 Rc4 34.Rd5 Rc6 35.Kf1 Kf6 36.Rd2 Ke6
37.Ke2 Rc3 38.Kd1 d5 39.Rd3 Rc6 40.Kd2 Ra6 41.Rf3 Ra8 42.Rb3 Ra6  1/2-1/2

[Event "Vladivostok Russian Cup 2012"]
[Site "Vladivostok RUS"]
[Date "2012.09.18"]
[Round "2.17"]
[White "I,G"]
[Black "Lyaskovsky,Va"]
[Result "0-1"]
[WhiteElo "2162"]
[BlackElo "2292"]

1.e4 c5 2.Ne2 Nc6 3.Nbc3 Nd4 4.f4 g6 5.g3 Nf3+ 6.Kf2 Nd4 7.Bg2 Bg7 8.d3 h5
9.Be3 h4 10.e5 Nh6 11.Nxd4 cxd4 12.Bxd4 d6 13.Nd5 dxe5 14.Bc3 Be6 15.Ne3 Qb6
16.Qf3 h3 17.Bf1 Bd5 18.Qxd5 Ng4+ 19.Kf3 Qxe3+ 20.Kxg4 Rh5 21.fxe5 f5+ 22.exf6 Rxd5
23.fxg7 O-O-O 24.Re1 Rg5+ 25.Kxh3 Qf3 26.Re4 Rh5+  0-1